000
00403nam a2200133Ia 4500
008
100328s9999 xx 000 0 und d
082
_b
29967
100
_a
अश्मसार
245
_a
निवडक अश्मसार
260
_b
विश्वमोहिनी
630
_a
निवडक अश्मसार
730
_a
निवडक अश्मसार
942
_c
BOOK
999
_c
520961
_d
520958